| 000 -LEADER |
| fixed length control field |
01251nam a2200265Ia 4500 |
| 001 - CONTROL NUMBER |
| control field |
16350 |
| 003 - CONTROL NUMBER IDENTIFIER |
| control field |
GE_BSU |
| 008 - FIXED-LENGTH DATA ELEMENTS--GENERAL INFORMATION |
| fixed length control field |
181216s||||||||xx |||||||||||||| ||und|| |
| 020 ## - INTERNATIONAL STANDARD BOOK NUMBER |
| International Standard Book Number |
ISBN 99928-32-32-0 |
| 040 ## - CATALOGING SOURCE |
| Transcribing agency |
GE_BSU |
| 080 ## - UNIVERSAL DECIMAL CLASSIFICATION NUMBER |
| Universal Decimal Classification number |
347.73(100)(075.8) |
| 100 ## - MAIN ENTRY--PERSONAL NAME |
| Personal name |
შენგელია, რომან |
| 245 ## - TITLE STATEMENT |
| Title |
საზღვარგარეთის ქვეყნების საფინანსო სამართალი = Financial Law of Foreign Countries = Финансовое прово зарубежних стран |
| 245 ## - TITLE STATEMENT |
| Remainder of title |
სახელმძღვ. იურისტ. და ეკონომისტ. |
| 245 ## - TITLE STATEMENT |
| Statement of responsibility, etc. |
რედ.: ლევან ალექსიძე, ჯემალ კახნიაშვილი;მხატვ:იზა ჩიქვინიძე |
| 260 ## - PUBLICATION, DISTRIBUTION, ETC. |
| Place of publication, distribution, etc. |
თბილისი |
| 260 ## - PUBLICATION, DISTRIBUTION, ETC. |
| Name of publisher, distributor, etc. |
მერიდიანი |
| 260 ## - PUBLICATION, DISTRIBUTION, ETC. |
| Date of publication, distribution, etc. |
2004 |
| 300 ## - PHYSICAL DESCRIPTION |
| Extent |
259გვ;20სმ |
| 300 ## - PHYSICAL DESCRIPTION |
| Other physical details |
რეზ. რუს. და ინგლ. ენ. |
| 653 ## - INDEX TERM--UNCONTROLLED |
| Uncontrolled term |
საზღვარგარეთის ქვეყნების საფინანსო სამართალი |
| 653 ## - INDEX TERM--UNCONTROLLED |
| Uncontrolled term |
სამართალი |
| 942 ## - ADDED ENTRY ELEMENTS (KOHA) |
| Koha item type |
წიგნი |